000 00378nam a2200181Ia 4500
100 _aRao/H.S.G
650 _aMathematics
490 _v1
942 _cBK
366 _f20
654 _amathematics
245 _aEngineering Mathematics
260 _bNew Age Int (P) Ltd
_aMumbai
_c2006
082 _a510/RAO
_bRAO
300 _a632
546 _aENGLISH
999 _c21630
_d21630